ბათუმის შოთა რუსთაველის სახელმწიფო უნივერსიტეტის ბიბლიოთეკა

Essential Topology / (ბიბ.ჩანაწერი № 41064)

000 -LEADER
fixed length control field 00752nam a2200241Ia 4500
001 - CONTROL NUMBER
control field 7713
003 - CONTROL NUMBER IDENTIFIER
control field GE_BSU
005 - DATE AND TIME OF LATEST TRANSACTION
control field 20220922100128.0
008 - FIXED-LENGTH DATA ELEMENTS--GENERAL INFORMATION
fixed length control field 181216s2010en xx |||||||||||||| ||eng||
040 ## - CATALOGING SOURCE
Transcribing agency GE_BSU
080 ## - UNIVERSAL DECIMAL CLASSIFICATION NUMBER
Universal Decimal Classification number 515.1 C-90
100 ## - MAIN ENTRY--PERSONAL NAME
Personal name Crossley,Martin D.
9 (RLIN) 14669
245 ## - TITLE STATEMENT
Title Essential Topology /
Statement of responsibility, etc. Martin D.Crossley, Advisory Board:M.A.J.Chaplain,K.Erdmann,and other.
264 ## - PRODUCTION, PUBLICATION, DISTRIBUTION, MANUFACTURE, AND COPYRIGHT NOTICE
Place of production, publication, distribution, manufacture New York :
Name of producer, publisher, distributor, manufacturer Springer,
Date of production, publication, distribution, manufacture, or copyright notice 2010.
300 ## - PHYSICAL DESCRIPTION
Extent 227 p;
Dimensions 23 cm.
440 ## - SERIES STATEMENT/ADDED ENTRY--TITLE
Title Springer Undergraduate Mathematics Series: ISSN 1615-2085.
9 (RLIN) 14670
653 ## - INDEX TERM--UNCONTROLLED
keyword Essential Topology.
653 ## - INDEX TERM--UNCONTROLLED
keyword ტოპოლოგია.
700 ## - ADDED ENTRY--PERSONAL NAME
Personal name Board, Advisory
9 (RLIN) 14671
700 ## - ADDED ENTRY--PERSONAL NAME
Personal name Chaplain, M.A.J
9 (RLIN) 14672
700 ## - ADDED ENTRY--PERSONAL NAME
Personal name Erdmann, ,K.
9 (RLIN) 14673
942 ## - ADDED ENTRY ELEMENTS (KOHA)
Koha item type წიგნი
Source of classification or shelving scheme
ეგზემპლარები
Withdrawn status Lost status Source of classification or shelving scheme Damaged status Not for loan Permanent Location Current Location Shelving location Date acquired Cost, normal purchase price Full call number Barcode Date last seen Copy number Price effective from Koha item type Public note
          ბათუმის შოთა რუსთაველის სახელმწიფო უნივერსიტეტის მთავარი ბიბლიოთეკა ბათუმის შოთა რუსთაველის სახელმწიფო უნივერსიტეტის მთავარი ბიბლიოთეკა წიგნსაცავი 2018-12-17 78.00 515.1 C-90 24033 2018-12-17 24033 2018-12-17 წიგნი 78 gel.
          ბათუმის შოთა რუსთაველის სახელმწიფო უნივერსიტეტის მთავარი ბიბლიოთეკა ბათუმის შოთა რუსთაველის სახელმწიფო უნივერსიტეტის მთავარი ბიბლიოთეკა წიგნსაცავი 2018-12-17 78.00 515.1 C-90 24034 2018-12-17 24034 2018-12-17 წიგნი 78 gel.
          ბათუმის შოთა რუსთაველის სახელმწიფო უნივერსიტეტის მთავარი ბიბლიოთეკა ბათუმის შოთა რუსთაველის სახელმწიფო უნივერსიტეტის მთავარი ბიბლიოთეკა წიგნსაცავი 2018-12-17 78.00 515.1 C-90 24035 2018-12-17 24035 2018-12-17 წიგნი 78 gel.
          ბათუმის შოთა რუსთაველის სახელმწიფო უნივერსიტეტის მთავარი ბიბლიოთეკა ბათუმის შოთა რუსთაველის სახელმწიფო უნივერსიტეტის მთავარი ბიბლიოთეკა წიგნსაცავი 2018-12-17 78.00 515.1 C-90 24036 2018-12-17 24036 2018-12-17 წიგნი 78 gel.
          ბათუმის შოთა რუსთაველის სახელმწიფო უნივერსიტეტის მთავარი ბიბლიოთეკა ბათუმის შოთა რუსთაველის სახელმწიფო უნივერსიტეტის მთავარი ბიბლიოთეკა წიგნსაცავი 2018-12-17 78.00 515.1 C-90 24037 2018-12-17 24037 2018-12-17 წიგნი 78 gel.